| 000 | 00602nam a2200205 a 4500 | ||
|---|---|---|---|
| 003 | PILC | ||
| 005 | 20160301143655.0 | ||
| 008 | 060905s19uu xx 00 eng d | ||
| 020 | _a0750665238 | ||
| 050 |
_aG 155.A1 _b.G455 2006 |
||
| 100 | _aGlaesser, Dirk. | ||
| 245 |
_aCrisis management in the tourism industry / _cDirk Glaesser. |
||
| 260 |
_aAmsterdam : _bElsevier, _c2006. |
||
| 300 |
_a270 pages : _billustrations ; _c25 cm. |
||
| 500 | _aIncludes bibliographical references and index. | ||
| 650 | _aTourism. | ||
| 650 | _aCrisis management. | ||
| 942 |
_cBK _2lcc _kFOR |
||
| 999 |
_c21635 _d21635 |
||